00307nam a2200121Ia 4500008004100000100001200041245004400053260003800097300000900135650001600144942000800160999001700168190216s9999||||xx |||||||||||||| ||und|| aNair Vc 0aObjective Type Questions In Mathematics b"Sun Publications, Calicut"c1985 a125p aMathematics cREF c35698d35698